<?xml version="1.0" encoding="UTF-8"?>
<record
    xmlns:xsi="http://www.w3.org/2001/XMLSchema-instance"
    xsi:schemaLocation="http://www.loc.gov/MARC21/slim http://www.loc.gov/standards/marcxml/schema/MARC21slim.xsd"
    xmlns="http://www.loc.gov/MARC21/slim">

  <leader>01718nam0a22003491  4500</leader>
  <controlfield tag="001">v19\rc\1629947</controlfield>
  <controlfield tag="005">20250619045745.0</controlfield>
  <datafield tag="035" ind1=" " ind2=" ">
    <subfield code="a">(NLR Aleph) 004832485</subfield>
  </datafield>
  <datafield tag="090" ind1=" " ind2=" ">
    <subfield code="a">4736692</subfield>
    <subfield code="c">4736692</subfield>
  </datafield>
  <datafield tag="100" ind1=" " ind2=" ">
    <subfield code="a">20061002e18991899|||y0rusy50      ca</subfield>
  </datafield>
  <datafield tag="101" ind1="0" ind2=" ">
    <subfield code="a">rus</subfield>
  </datafield>
  <datafield tag="102" ind1=" " ind2=" ">
    <subfield code="a">RU</subfield>
  </datafield>
  <datafield tag="105" ind1=" " ind2=" ">
    <subfield code="a">y   z   |||||</subfield>
  </datafield>
  <datafield tag="200" ind1="1" ind2=" ">
    <subfield code="a">&#x41F;&#x43E; &#x43F;&#x43E;&#x432;&#x43E;&#x434;&#x443; &#x441;&#x442;&#x430;&#x442;&#x44C;&#x438; "&#x41A; &#x43E;&#x446;&#x435;&#x43D;&#x43A;&#x435; &#x43D;&#x43E;&#x432;&#x43E;&#x433;&#x43E; &#x441;&#x43F;&#x43E;&#x441;&#x43E;&#x431;&#x430; &#x433;&#x430;&#x441;&#x442;&#x440;&#x43E;&#x44D;&#x43D;&#x442;&#x435;&#x440;&#x43E;&#x441;&#x442;&#x43E;&#x43C;&#x438;&#x438; &#x43F;&#x43E; &#x41F;&#x43E;&#x434;&#x440;&#x435;&#x437;&#x443;" &#x447;. &#x43F;&#x440;. &#x41F;.&#x421;. &#x424;&#x435;&#x434;&#x43E;&#x440;&#x43E;&#x432;&#x430;</subfield>
    <subfield code="f">[&#x41F;&#x440;&#x43E;&#x444;. &#x410;.&#x418;.[!&#x413;.] &#x41F;&#x43E;&#x434;&#x440;&#x435;&#x437;]</subfield>
  </datafield>
  <datafield tag="210" ind1=" " ind2=" ">
    <subfield code="a">[&#x421;&#x430;&#x43D;&#x43A;&#x442;-&#x41F;&#x435;&#x442;&#x435;&#x440;&#x431;&#x443;&#x440;&#x433;]</subfield>
    <subfield code="c">&#x442;&#x438;&#x43F;. &#x42F;. &#x422;&#x440;&#x435;&#x439;</subfield>
    <subfield code="d">&#x446;&#x435;&#x43D;&#x437;. 1899</subfield>
  </datafield>
  <datafield tag="215" ind1=" " ind2=" ">
    <subfield code="a">7 &#x441;.</subfield>
    <subfield code="d">21</subfield>
  </datafield>
  <datafield tag="300" ind1=" " ind2=" ">
    <subfield code="a">&#x410;&#x432;&#x442;. &#x443;&#x43A;&#x430;&#x437;&#x430;&#x43D; &#x432; &#x43A;&#x43E;&#x43D;&#x446;&#x435; &#x442;&#x435;&#x43A;&#x441;&#x442;&#x430;</subfield>
  </datafield>
  <datafield tag="309" ind1=" " ind2=" ">
    <subfield code="a">&#x411;&#x435;&#x437; &#x442;&#x438;&#x442;. &#x43B;. &#x438; &#x43E;&#x431;&#x43B;.</subfield>
  </datafield>
  <datafield tag="311" ind1=" " ind2=" ">
    <subfield code="a">&#x41E;&#x442;&#x442;. &#x438;&#x437; "&#x412;&#x440;&#x430;&#x447;&#x430;". &#x2116; 25, 1899</subfield>
  </datafield>
  <datafield tag="488" ind1=" " ind2="0">
    <subfield code="1">2001#$a&#x412;&#x440;&#x430;&#x447;$v1899, &#x2116; 25</subfield>
    <subfield code="t">&#x412;&#x440;&#x430;&#x447;</subfield>
  </datafield>
  <datafield tag="532" ind1="1" ind2="3">
    <subfield code="a">&#x41F;&#x43E; &#x43F;&#x43E;&#x432;&#x43E;&#x434;&#x443; &#x441;&#x442;&#x430;&#x442;&#x44C;&#x438; &#x41A; &#x43E;&#x446;&#x435;&#x43D;&#x43A;&#x435; &#x43D;&#x43E;&#x432;&#x43E;&#x433;&#x43E; &#x441;&#x43F;&#x43E;&#x441;&#x43E;&#x431;&#x430; &#x433;&#x430;&#x441;&#x442;&#x440;&#x43E;&#x44D;&#x43D;&#x442;&#x435;&#x440;&#x43E;&#x441;&#x442;&#x43E;&#x43C;&#x438;&#x438; &#x43F;&#x43E; &#x41F;&#x43E;&#x434;&#x440;&#x435;&#x437;&#x443; &#x447;. &#x43F;&#x440;. &#x41F;.&#x421;. &#x424;&#x435;&#x434;&#x43E;&#x440;&#x43E;&#x432;&#x430;</subfield>
  </datafield>
  <datafield tag="604" ind1=" " ind2=" ">
    <subfield code="1">50010$a&#x41A; &#x43E;&#x446;&#x435;&#x43D;&#x43A;&#x435; &#x43D;&#x43E;&#x432;&#x43E;&#x433;&#x43E; &#x441;&#x43F;&#x43E;&#x441;&#x43E;&#x431;&#x430; &#x433;&#x430;&#x441;&#x442;&#x440;&#x43E;&#x44D;&#x43D;&#x442;&#x435;&#x440;&#x43E;&#x441;&#x442;&#x43E;&#x43C;&#x438;&#x438; &#x43F;&#x43E; &#x41F;&#x43E;&#x434;&#x440;&#x435;&#x437;&#x443;</subfield>
    <subfield code="1">700#1$a&#x424;&#x435;&#x434;&#x43E;&#x440;&#x43E;&#x432;$b&#x41F;.&#x421;.</subfield>
    <subfield code="t">&#x41A; &#x43E;&#x446;&#x435;&#x43D;&#x43A;&#x435; &#x43D;&#x43E;&#x432;&#x43E;&#x433;&#x43E; &#x441;&#x43F;&#x43E;&#x441;&#x43E;&#x431;&#x430; &#x433;&#x430;&#x441;&#x442;&#x440;&#x43E;&#x44D;&#x43D;&#x442;&#x435;&#x440;&#x43E;&#x441;&#x442;&#x43E;&#x43C;&#x438;&#x438; &#x43F;&#x43E; &#x41F;&#x43E;&#x434;&#x440;&#x435;&#x437;&#x443;</subfield>
    <subfield code="a">&#x424;&#x435;&#x434;&#x43E;&#x440;&#x43E;&#x432;, &#x41F;.&#x421;.</subfield>
  </datafield>
  <datafield tag="700" ind1=" " ind2="1">
    <subfield code="a">&#x41F;&#x43E;&#x434;&#x440;&#x435;&#x437;</subfield>
    <subfield code="b">&#x410;.&#x413;.</subfield>
    <subfield code="f">1852-1900</subfield>
    <subfield code="g">&#x410;&#x43F;&#x43E;&#x43B;&#x43B;&#x438;&#x43D;&#x430;&#x440;&#x438;&#x439; &#x413;&#x440;&#x438;&#x433;&#x43E;&#x440;&#x44C;&#x435;&#x432;&#x438;&#x447;</subfield>
  </datafield>
  <datafield tag="702" ind1=" " ind2="1">
    <subfield code="9">z01790</subfield>
    <subfield code="a">&#x41F;&#x43E;&#x434;&#x440;&#x435;&#x437;</subfield>
    <subfield code="b">&#x410;.</subfield>
    <subfield code="g">&#x410;.&#x418;.[!]</subfield>
    <subfield code="4">570</subfield>
  </datafield>
  <datafield tag="790" ind1=" " ind2="1">
    <subfield code="9">z01702</subfield>
    <subfield code="a">&#x41F;&#x43E;&#x434;&#x440;&#x435;&#x437;</subfield>
    <subfield code="b">&#x410;.</subfield>
    <subfield code="g">&#x410;.&#x418;.[!&#x413;.]</subfield>
  </datafield>
  <datafield tag="801" ind1=" " ind2="0">
    <subfield code="a">RU</subfield>
    <subfield code="b">NLR</subfield>
    <subfield code="g">psbo</subfield>
  </datafield>
  <datafield tag="801" ind1=" " ind2="0">
    <subfield code="a">RU</subfield>
    <subfield code="b">RuMoRGB</subfield>
    <subfield code="2">psbo</subfield>
  </datafield>
  <datafield tag="801" ind1=" " ind2="1">
    <subfield code="a">RU</subfield>
    <subfield code="b">ProSoft-M</subfield>
    <subfield code="2">rusmarc</subfield>
  </datafield>
  <datafield tag="852" ind1=" " ind2=" ">
    <subfield code="a">NLR</subfield>
    <subfield code="j">20.57.1.55</subfield>
  </datafield>
  <datafield tag="899" ind1=" " ind2=" ">
    <subfield code="a">RuMoRGB</subfield>
    <subfield code="j">G 149/1173</subfield>
  </datafield>
  <datafield tag="942" ind1=" " ind2=" ">
    <subfield code="c">BOOK</subfield>
  </datafield>
  <datafield tag="980" ind1=" " ind2=" ">
    <subfield code="a">NB</subfield>
  </datafield>
  <datafield tag="995" ind1=" " ind2=" ">
    <subfield code="5">2013-10-26</subfield>
    <subfield code="b">NLR02</subfield>
    <subfield code="c">NLR02</subfield>
    <subfield code="e">RFS</subfield>
    <subfield code="f">4832485-10</subfield>
    <subfield code="k">20.57.1.55</subfield>
    <subfield code="o">0</subfield>
    <subfield code="r">BOOK</subfield>
    <subfield code="s">2057155_</subfield>
  </datafield>
</record>
